000 00766nam a22002297a 4500
999 _c5356
_d5356
003 AR-CdUCM
008 190312b ||||| |||| 00| 0 spa d
040 _aMUNICIPALIDAD PROVINCIAL DEL CUSCO
_cBIBLIOTECA MUNICIPAL DEL CUSCO
082 _a305.4 /
_bC29
100 _aCórdoba Cayo, Patricia
_916163
245 _aMujer y Liderazgo en salud :
_bLas profesionales ante los nuevos desafíos /
260 _aLima :
_bGrafica Educativa,
_c1997.
300 _a175 paginas ;
_bIlustraciones,
_c22cm.
505 _aContenido: profesionasl en todo campo hacia la mujer
650 _aLiderazgo
_93124
650 _aSalud
_98684
650 _aLiteratura
_983
650 _aPerú
_935
700 _aVivanco Sanchez, Margarita
_916164
942 _2ddc
_cLIBROS
945 _apjha